000 00927nam a2200229 i 4500
001 66771
003 ES-MaACL
005 20230906165827.0
007 t|
008 980601s1996 sp ae |||| | spa d
020 _a84-87131-01-8
080 _a904(460.222 Somontano)
100 1 _aNaval Mas, Antonio.
_985023
245 1 0 _aConstrucciones para la historia del Somontano en el Alto Aragón
_b: estudio histórico-arqueológico /
_cAntonio Naval Mas ; con la colaboración del Área de Cultura (Diputación Provincial de Huesca)... [et al.].
260 _aHuesca :
_bCremallo,
_c1996.
300 _a379 p. :
_bil. ;
_c30 cm +
_e1 plano.
650 0 4 _aArquitectura popular-
_zSomontano de Barbastro.
_910045
650 4 _aConstrucciones agrícolas.
_9157609
651 4 _aSomontano de Barbastro-
_xRestos arqueológicos.
_99405
710 1 _aHuelva (Provincia).
_bDiputación Provincial.
_94624
852 _aES-MaACL
_jL-27263
999 _c66771
_d66771